| 000 | 00708nam a2200229Ia 4500 | ||
|---|---|---|---|
| 003 | OSt | ||
| 005 | 20220927105546.0 | ||
| 006 | a|||||r|||| 00| 0 | ||
| 007 | ta | ||
| 008 | 220926b |||||||| |||| 00| 0 eng d | ||
| 024 | _a174516 | ||
| 037 | _cReference Collections | ||
| 040 |
_aRTL _cRTL _beng |
||
| 041 |
_2eng _aeng |
||
| 082 | _a"T15.2.P02, P2" | ||
| 100 |
_aRamachandran (Vimala) Ed. _9373268 |
||
| 245 | 0 |
_aGender and social equity in primary education _b Hierarchies of access |
|
| 260 |
_aNew _bDelhi Sage Publication _c2002 |
||
| 300 |
_a267p. _ccm. |
||
| 942 |
_h"T15.2.P02, P2" _cCC |
||
| 999 |
_c693087 _d693087 |
||